000 00228 a2200109 4500
020 _a9788418526138
041 _aspa
100 _aOrs, Pablo J. d
245 _aBiografia de la Luz / Pablo d'Ors
942 _cBK
999 _c29966
_d29964
999 _d29964